Farmagedon : skutečná cena levného masa /

Hlavní autor: Lymbery, Philip, 1965-
Další autoři: Oakeshott, Isabel, 1974-, Moudrý, Lubomír, 1963-
Jazyk: Čeština
Vydáno: Praha : Carpe Momentum, 2017
Vydání: Vydání v českém jazyce první
Témata:
Fyzický popis: 417 stran, 32 nečíslovaných stran obrazových příloh : ilustrace (převážně barevné) ; 24 cm
Knihy
Uloženo v:
LEADER 02372nam a2200553 i 4500
001 nkc20172880073
003 CZ PrNK
005 20170601082640.0
007 ta
008 170215s2017 xr af e f 000 0 cze
015 |a cnb002880073 
020 |a 978-80-905334-4-8  |q (brožováno) 
035 |a (OCoLC)989931396 
040 |a ABA001  |b cze  |d BOA001  |e rda 
041 1 |a cze  |h eng 
072 7 |a 636  |x Chov zvířat. Živočišná výroba  |2 Konspekt  |9 24 
080 |a 636  |2 MRF 
080 |a 663/664  |2 MRF 
080 |a 502/504  |2 MRF 
080 |a 17  |2 MRF 
080 |a (0.062)  |2 MRF 
100 1 |a Lymbery, Philip,  |d 1965-  |7 xx0212514  |4 aut 
240 1 0 |a Farmageddon.  |l Česky 
245 1 0 |a Farmagedon :  |b skutečná cena levného masa /  |c Philip Lymbery s Isabel Oakeshottovou ; z anglického originálu Farmageddon - the true cost of cheap meat ... přeložil Lumír Moudrý 
250 |a Vydání v českém jazyce první 
264 1 |a Praha :  |b Carpe Momentum,  |c 2017 
300 |a 417 stran, 32 nečíslovaných stran obrazových příloh :  |b ilustrace (převážně barevné) ;  |c 24 cm 
336 |a text  |b txt  |2 rdacontent 
337 |a bez média  |b n  |2 rdamedia 
338 |a svazek  |b nc  |2 rdacarrier 
504 |a Obsahuje bibliografické odkazy 
650 0 7 |a živočišná výroba  |7 ph128041  |x environmentální aspekty  |2 czenas 
650 0 7 |a živočišná výroba  |7 ph128041  |x etické a morální aspekty  |2 czenas 
650 0 7 |a výroba potravin  |7 ph301374  |x environmentální aspekty  |2 czenas 
650 0 7 |a výroba potravin  |7 ph301374  |x etické a morální aspekty  |2 czenas 
650 0 9 |a animal industry  |x environmental aspects  |2 eczenas 
650 0 9 |a animal industry  |x ethical and moral aspects  |2 eczenas 
650 0 9 |a food production  |x environmental aspects  |2 eczenas 
650 0 9 |a food production  |x ethical and moral aspects  |2 eczenas 
655 7 |a populárně-naučné publikace  |7 fd131864  |2 czenas 
655 9 |a popular works  |2 eczenas 
700 1 |a Oakeshott, Isabel,  |d 1974-  |7 xx0212515  |4 aut 
700 1 |a Moudrý, Lubomír,  |d 1963-  |7 xx0110026  |4 trl 
910 2 |a BOA001  |b 2-1384.772 
990 |a BK 
995 |a 01 
991 |b 201704  |c NOV 
996 6 |b 2610704883  |c 2-1384.772  |l MZK  |r Sklad / do 1 hodiny  |n 2  |p p.v.  |w 001607517  |u 000010  |a 1  |e BOA001  |j MZK50  |s P 
996 7 |b 2610706505  |c 2-1384.772  |l Vol.výběr  |r VV 1p  |n 19  |p kup  |h 636 LYM  |w 001607517  |u 000020  |a 0  |e BOA001  |j MZK50  |s A